000
00341pab a2200145 454500
008
180718b1984 xxu||||| |||| 00| 0 eng d
100
_a
Johannes, John R.
245
_a
Congress, the bureaucracy, and casework
260
_c
1984
300
_a
41-69
362
_a
May
650
_a
Legislators
773
_a
Administration
909
_a
12542
999
_c
12542
_d
12542